Statistiques concernant Culture Générale - Série 841

Cliquez ici pour prendre le quiz!

Statistiques générales

  • Ce quiz a été pris 51 fois
  • Le résultat moyen est 7 sur 10

Statistiques - réponses

QuestionRéponse% Correct
Qu'est-ce qui peut être en croûte chez le charcutier et de sable chez un enfant à la plage ?pâté
96%
Un Trappiste est un moine cistercien et un habitant de la ville de...Trappes
90%
Quel combustible est l'anagramme de filou ?fioul
88%
Quelle partie de notre anatomie est concernée quand on a mal aux "nougats" ?pieds
80%
Le Crédit municipal, institution de prêt sur gage familièrement appelée "ma tante", s'appelait le Mont de...piété
80%
Quelle terrible bataille opposant Français et Allemands dura de février à décembre 1916 ?bataille de Verdun
80%
Selon l'expression, quand on distingue le bien et le mal, on sépare le bon grain de...l'ivraie
59%
Quel grand chanteur de soul a composé et interprété, en 1970, une chanson devenue mythique sous le titre "Sex Machine" ?James Brown
57%
En géographie, comment appelle-t-on la partie d'un fleuve, comprise entre un point donné et la source ?amont
51%
Qui incarne "Le capitaine Marleau" à la télévision ?Corinne Masiero
20%

Distribution des résultats

Percentile par nombre de réponses

% des personnes avec chaque résultat

Votre développement - résultats

Vous n’avez pas pris ce quiz